Capitales de l’UE en latin - Mort subite - Statistiques

Statistiques générales
  • Ce quiz a été pris 1 186 fois
  • Le résultat moyen est 3 sur 27
Answers on the Grid
Answers color-coded by a green-red scale on the quiz's grid according to % correct below.
Olisipo
Serdica
Vindobona
Pasanium
Bruxella
Praga
Hafnia
Helsinkium
Lutetia
Berolinum
Talinius
Aquincum
Eblana
Duna urbs
Amstelodamum
Asloa
Varsovia
Posonium
Labacum
Holmia
Nicosia
Athenæ
Roma
Castrum Danorum
Vilna
Valetta
Bucaresta
Vienna
Lubium
Agranum
Haganum
Lucilinburhuc
Valgevene
Nimsa
Leopolis
Vratislavia
Cæsaraugusta
Matritum
Lugdunum
Hispalis
Bonicum
Londinium
Vinicius
Lusbergum
Holmium
Rigonium
Turicum
Bruselis
 
Statistiques - réponses
Réponse % Correct
Roma
42%
Athenæ
31%
Praga
30%
Bruxella
28%
Varsovia
27%
Lutetia
25%
Valetta
23%
Bucaresta
20%
Helsinkium
20%
Nicosia
20%
Amstelodamum
15%
Vilna
11%
Berolinum
4%
Lucilinburhuc
2%
Olisipo
2%
Aquincum
1%
Castrum Danorum
1%
Duna urbs
1%
Hafnia
1%
Holmia
1%
Labacum
1%
Matritum
1%
Posonium
1%
Serdica
1%
Vindobona
1%
Agranum
0%
Eblana
0%
Aucun quiz correspondant
Distribution des résultats
% des personnes avec chaque résultat
Percentile par nombre de réponses
Votre historique - résultats
Vous n’avez pas pris ce quiz